000 00558nmm a2200193Ia 4500
008 251105s9999||||xx |||||||||||||||||und||
020 _a9788433979216
041 _aspa
100 _aMoya Valle, Antonio-Prometeo
245 0 _aHarvard Square
264 _a[Madrid, España] :
_bEditorial Anagrama,
_c2015
300 _a288 páginas
490 _aPanorama de narrativas
650 _aOther narratives
700 _aMoya Valle, Antonio-Prometeo
700 1 _a Aciman, André
856 _uhttps://public.digitaliapublishing.com/a/42088
942 _cCF
999 _c69130
_d69130